Statistics for Can you name these engine parts?

Click here to take the quiz!

General Stats

  • This quiz has been taken 138 times
  • The average score is 11 of 16

Answer Stats

Answer% Correct
Piston
96%
Turbo
90%
Radiator
87%
Engine block
84%
Camshaft
82%
Alternator
78%
Transmission
78%
Oilfilter
77%
Head gasket
66%
Oil pan
63%
Exhaust manifold
62%
Intake manifold
60%
Intercooler
55%
Car battery
44%
Cylinder head
40%
Camshaft pulley
9%

Score Distribution

Percentile by Number Answered

Percent of People with Each Score

Your Score History

You have not taken this quiz